E-learning ako nástroj na dosiahnutie vyššej kvality a efektívnosti tradičných vzdelávacích metód vo vzdelávaní inžinierov

Saved in:
Bibliographic Details
Main Authors: Stuchlíková, Ľubica, 1967- (Author), Benkovská, Jana, 1984- (Author)
Other Authors: Redhammer, Robert, 1963- (Reviewer), Hrbáček, Jiří (Reviewer)
Format: Book
Language:Slovak
Published: Brno : MSD, 2014
Edition:1. vyd.
Tags: Add Tag
No Tags, Be the first to tag this record!

MARC

LEADER 00000nam a22000003a 4500
001 0002982
003 SK-STU
005 20220317192204.5
007 ta
008 150219s ----xo-----e------000-0-----d
020 |a 978-80-7392-238-2 
040 |a STU  |b slo 
041 0 |a slo 
100 1 |a Stuchlíková, Ľubica,  |d 1967-  |u E030  |r Z1  |4 aut  |9 50  |U FEI Fakulta elektrotechniky a informatiky  |T FEI Ústav elektroniky a fotoniky  |X 1997  |U E030  |Y 549  |7 A000001997 
242 0 1 |a E-learning as a tool to achieve higher quality and efficiency of traditional teaching methods in education of engineers  |y eng 
245 1 0 |a E-learning ako nástroj na dosiahnutie vyššej kvality a efektívnosti tradičných vzdelávacích metód vo vzdelávaní inžinierov  |h elektronický zdroj  |c aut. Ľubica Stuchlíková, Jana Benkovská ; Robert Redhammer, Jiří Hrbáček 
250 |a 1. vyd. 
260 |a Brno :  |b MSD,  |c 2014 
300 |a CD ROM, 125 s. 
700 1 |a Benkovská, Jana,  |d 1984-  |u E030  |r Z3  |4 aut  |9 50  |U FEI Fakulta elektrotechniky a informatiky  |T FEI Ústav elektroniky a fotoniky  |X 3415  |U E030  |Y 549  |7 A000003415 
700 1 |a Redhammer, Robert,  |d 1963-  |u E030  |r Z1  |4 rev  |U FEI Fakulta elektrotechniky a informatiky  |T FEI Ústav elektroniky a fotoniky  |X 1864  |U E030  |Y 549  |7 A000001864 
700 1 |a Hrbáček, Jiří  |r Z6  |4 rev 
996 |b 284EO00436  |c E*O-436  |l EE0104  |s P  |a 0  |w 0002982_0001